000 00305nam a2200121 i 4500
001 bg
245 0 _aZarys teorii równań całkowych i równań różniczkowych cząstkowych.
260 _aWarszawa,
_c1981.
040 _cBPK
041 _apol
942 _cKS
008 s pl f |000 0 pol
999 _c20146
_d20146
856 _uhttp://koha.tu.koszalin.pl/cgi-bin/koha/opac-detail.pl?biblionumber=20146
_yKatalog online BPK